Дело о постройке здания мужской гимназии в городе Владивостоке

RUSMARC
00005986cbc2a2200241#x 450
001ee52185d-5b7b-48c4-8984-efa83888eb0c
00520250805140036.0
100##$a20240112l19021912k l0rusy0189 ca
1010#$arus
102##$aRU
105##$aae##
1222#$ad1902######
$ad19120725##
2001#$aДело о постройке здания мужской гимназии в городе Владивостоке
$j1902 г. - 25 июля 1912 г.
$hЧасть 2
215##$a22 листа
$cчерт.; план.
$d36,5х26 см
251##$cДело
300##$aРукописный текст. Чернила
300##$aБумага. Тушь, карандаш, акварель
371##$aДокумент не является опубликованным и широко распространяемым
461#0$1001a74412a3-3cc5-4d21-8f0a-dfe2fbd9e72d
$12001
$aДепартамент народного просвещения Министерства народного просвещения
$1251
$cФонд
$1852
$j733
462#0$1001cbe97534-fc2c-41b6-aa33-2a5bd997e041
$12001
$aСтроительный комитет: о постройке зданий учебных заведений; проекты, планы и фасады зданий
$vД. 26
$1251
$cОпись
$1852
$j224
801#0$aRU
$bРГИА
$c20240112
801#1$aRU
$bГлавНИВЦ
$c20240112
$2rusmarc
801#2$aRU
$bПБ им. Б.Н. Ельцина
$c20240524
$gRCR
$2rusmarc
850##$aФедеральное казенное учреждение "Российский государственный исторический архив"
852##$aРГИА
$j26
937##$hРГИА
$d12394983
$aASBIBLIO_SCAN
035##$aRusGRCC00071817
856##$uhttp://readingroom.main.prlib.ru/item.aspx?id_node=n192357793&mode=full
120##$abyy
121##$aa aaaaxa
1232#$aa
124##$aa
$bj
206##$bМасштабы разные
6061#$2prlib_sh
$3LIBNET\UAF\0000117775
$aМужские гимназии
$yВладивосток, город
$zкон.19 - нач. 20 вв.
$jДокументы и материалы
686##$2rubbk
$a74.03(285.5)5-421ю11
$vLBC/M
605##$2acquisition_Prlib
$3LIBNET\UAF\0000102567
$aГород-порт Владивосток
$lколлекция
605##$2acquisition_Prlib
$3DITM\AF\0000004675
$aТерритория
$lколлекция
605##$2acquisition_Prlib
$3LIBNET\UAF\0000107109
$aИстория образования в России
$lколлекция
605##$2acquisition_Prlib
$3DITM\AF\0000002775
$aВласть
$lколлекция
605##$2acquisition_Prlib
$3DITM\AF\0000003834
$aНарод
$lколлекция
Формат отображения